[Event "AUT-chT 2324"]
[Site "Austria"]
[Date "2024.03.24"]
[Round "11.2"]
[White "Deuer, Marius"]
[Black "Martinovic, Sasa"]
[Result "1/2-1/2"]
[WhiteElo "2430"]
[BlackElo "2542"]
[PlyCount "62"]
[EventDate "2023.11.22"]
[EventType "team-tourn"]
[EventRounds "11"]
[EventCountry "AUT"]
[SourceTitle "CB13_2024"]
[SourceDate "2024.03.27"]
[SourceVersion "1"]
[SourceVersionDate "2024.03.27"]
[SourceQuality "1"]
[WhiteTeam "Goetzis"]
[BlackTeam "St Veit"]
[WhiteTeamCountry "AUT"]
[BlackTeamCountry "AUT"]

1. d4 Nf6 2. c4 e6 3. Nc3 Bb4 4. e3 0-0 5. Bd3 d5 6. cxd5 exd5 7. a3 Bd6 8. Qc2 c6 9. Nge2 Re8 10. Bd2 b6 11. f3 c5 12. g4 c4 13. Bf5 Bxf5 14. Qxf5 g6 15. Qg5 Nc6 16. 0-0 Bf8 17. Qh4 h6 18. Qf2 Qd7 19. Qg2 Bg7 20. Kh1 b5 21. Rad1 Rab8 22. g5 hxg5 23. e4 dxe4 24. fxe4 Qg4 25. Qxg4 Nxg4 26. Bxg5 Bh6 27. Bxh6 Nxh6 28. Nd5 Kg7 29. Nec3 b4 30. axb4 Nxb4 31. Nxb4 Rxb4 1/2-1/2

[Event "CRO-ch"]
[Site "Zagreb"]
[Date "2023.12.06"]
[Round "2"]
[White "Livaic, Leon"]
[Black "Martinovic, Sasa"]
[Result "1/2-1/2"]
[WhiteElo "2543"]
[BlackElo "2556"]
[PlyCount "38"]
[EventDate "2023.12.05"]
[EventType "tourn"]
[EventRounds "11"]
[EventCountry "CRO"]
[EventCategory "9"]
[SourceTitle "CB51_2023"]
[SourceDate "2023.12.20"]
[SourceVersion "1"]
[SourceVersionDate "2023.12.20"]
[SourceQuality "1"]

1. e4 e6 2. d4 d5 3. Nc3 Nf6 4. Bg5 Bb4 5. e5 h6 6. exf6 hxg5 7. fxg7 Rg8 8. h4 gxh4 9. a3 Bxc3+ 10. bxc3 Qg5 11. Qd2 Qxd2+ 12. Kxd2 Rxg7 13. Rxh4 Ke7 14. Nf3 b6 15. Ne5 Ba6 16. Rh8 Bb7 17. Rh4 Ba6 18. Rh8 Bb7 19. Rh4 Ba6 1/2-1/2

[Event "AUT-chT 2324"]
[Site "Austria"]
[Date "2023.11.24"]
[Round "4.1"]
[White "Martinovic, Sasa"]
[Black "Kadric, Denis"]
[Result "1/2-1/2"]
[WhiteElo "2542"]
[BlackElo "2584"]
[PlyCount "41"]
[EventDate "2023.11.22"]
[EventType "team-tourn"]
[EventRounds "11"]
[EventCountry "AUT"]
[SourceTitle "CB48_2023"]
[SourceDate "2023.11.29"]
[SourceVersion "1"]
[SourceVersionDate "2023.11.29"]
[SourceQuality "1"]
[WhiteTeam "St Veit"]
[BlackTeam "Pinggau Friedberg"]
[WhiteTeamCountry "AUT"]
[BlackTeamCountry "AUT"]

1. d4 Nf6 2. c4 g6 3. Nc3 Bg7 4. e4 d6 5. f4 0-0 6. Nf3 c5 7. d5 e6 8. Be2 exd5 9. cxd5 Re8 10. e5 dxe5 11. fxe5 Ng4 12. e6 fxe6 13. Bg5 Qb6 14. Qd2 c4 15. 0-0-0 exd5 16. Nxd5 Qc5 17. Be7 Qc6 18. Bh4 Qc5 19. Be7 Qc6 20. Bh4 Qc5 21. Be7 1/2-1/2

[Event "EU-chT 24th"]
[Site "Budva"]
[Date "2023.11.15"]
[Round "5.3"]
[White "Indjic, Aleksandar"]
[Black "Martinovic, Sasa"]
[Result "1-0"]
[WhiteElo "2601"]
[BlackElo "2542"]
[PlyCount "119"]
[EventDate "2023.11.11"]
[EventType "team-swiss"]
[EventRounds "9"]
[EventCountry "MNE"]
[SourceTitle "CB47_2023"]
[SourceDate "2023.11.22"]
[SourceVersion "1"]
[SourceVersionDate "2023.11.22"]
[SourceQuality "1"]
[WhiteTeam "Serbia"]
[BlackTeam "Croatia"]
[WhiteTeamCountry "SRB"]
[BlackTeamCountry "CRO"]

1. c4 c6 2. Nf3 d5 3. e3 Nf6 4. Qc2 g6 5. b3 Bg7 6. Bb2 0-0 7. h3 c5 8. cxd5 Qxd5 9. Nc3 Qd8 10. Be2 Nc6 11. Rd1 b6 12. 0-0 Bb7 13. a3 e6 14. Qb1 Qe7 15. Rfe1 Rfd8 16. Rc1 Rac8 17. d3 Ba8 18. Ba1 Bb7 19. Bf1 Ba8 20. Ne2 Ne8 21. Bxg7 Nxg7 22. Ng3 Nf5 23. Ne4 Nd6 24. Ned2 Qf6 25. b4 Ne5 26. bxc5 Nxf3+ 27. Nxf3 bxc5 28. e4 Qe7 29. Rc3 Rb8 30. Qc1 c4 31. Ne5 cxd3 32. Bxd3 Rbc8 33. Rxc8 Nxc8 34. Ng4 h5 35. Ne5 Nb6 36. Bb1 Rc8 37. Qe3 Qc7 38. Qg5 Kg7 39. Rd1 Re8 40. a4 a5 41. g4 Rh8 42. h4 hxg4 43. Nxg4 Qc3 44. e5 Qf3 45. Qf6+ Qxf6 46. exf6+ Kg8 47. Rd8+ Kh7 48. Rd6 Nc4 49. Rd7 Kg8 50. h5 Rxh5 51. Rd8+ Kh7 52. Rxa8 Rg5 53. f3 Nd2 54. Rf8 Nxf3+ 55. Kf2 Rxg4 56. Kxf3 Rxa4 57. Rxf7+ Kh6 58. Rg7 Ra1 59. Rxg6+ Kh5 60. Rg1 1-0

[Event "Split op 12th"]
[Site "Split"]
[Date "2023.08.09"]
[Round "6"]
[White "Maksimovic, Bojan"]
[Black "Martinovic, Sasa"]
[Result "0-1"]
[WhiteElo "2476"]
[BlackElo "2552"]
[PlyCount "92"]
[EventDate "2023.08.05"]
[EventType "swiss"]
[EventRounds "9"]
[EventCountry "CRO"]
[SourceTitle "CBM 215 Extra"]
[Source "ChessBase"]
[SourceDate "2023.09.30"]
[SourceVersion "1"]
[SourceVersionDate "2023.09.30"]
[SourceQuality "1"]

1. e4 e6 2. d4 d5 3. Nc3 Nf6 4. Bg5 dxe4 5. Nxe4 Be7 6. Bxf6 gxf6 7. Nf3 f5 8. Nc3 a6 9. g3 c5 10. d5 b5 11. Bg2 Ra7 12. 0-0 b4 13. dxe6 bxc3 14. exf7+ Kxf7 15. Qe2 cxb2 16. Rad1 Qb6 17. c3 Bf6 18. Rb1 Re8 19. Qc2 Be6 20. Rxb2 Qa5 21. Qc1 Nd7 22. Re1 Nf8 23. Rbe2 Rae7 24. Qh6 Bxa2 25. Rxe7+ Rxe7 26. Ra1 Bxc3 27. Rc1 Bf6 28. Qh5+ Kg7 29. Qxf5 Be6 30. Qh5 Bf7 31. Qg4+ Ng6 32. h4 Qb4 33. Qc8 Ne5 34. Ng5 Bxg5 35. hxg5 Nd3 36. Qxa6 Qd4 37. Rc2 Re6 38. Qa5 c4 39. Qd2 Re1+ 40. Kh2 Bd5 41. Bxd5 Qxd5 42. Qc3+ Ne5 43. f3 Qd1 44. g4 Re2+ 45. Rxe2 Qxe2+ 46. Kg3 Qxf3+ 0-1

[Event "AUT-chT 2223"]
[Site "Austria"]
[Date "2023.03.26"]
[Round "8.5"]
[White "Martinovic, Sasa"]
[Black "Kilgus, Georg"]
[Result "1/2-1/2"]
[WhiteElo "2557"]
[BlackElo "2392"]
[PlyCount "87"]
[EventDate "2022.11.03"]
[EventType "team-tourn"]
[EventRounds "11"]
[EventCountry "AUT"]
[SourceTitle "CBM 213 Extra"]
[Source "ChessBase"]
[SourceDate "2023.05.31"]
[SourceVersion "1"]
[SourceVersionDate "2023.05.31"]
[SourceQuality "1"]
[WhiteTeam "St Veit"]
[BlackTeam "Grieskirchen"]
[WhiteTeamCountry "AUT"]
[BlackTeamCountry "AUT"]

1. d4 Nf6 2. c4 e6 3. Nc3 Bb4 4. e3 b6 5. Nge2 Ba6 6. Ng3 Bxc3+ 7. bxc3 d5 8. Qf3 0-0 9. cxd5 Qxd5 10. e4 Qa5 11. h4 Nbd7 12. Bxa6 Qxa6 13. a4 c5 14. Qe2 Qxe2+ 15. Kxe2 Rac8 16. f3 Ne8 17. d5 Nd6 18. dxe6 fxe6 19. Rd1 Rc6 20. Bg5 Rf7 21. h5 h6 22. Bh4 Ne5 23. Nf1 Nec4 24. Bg3 Nb7 25. Nd2 Nba5 26. Nxc4 Nxc4 27. Rd8+ Rf8 28. Rad1 a6 29. R8d7 Rf7 30. Rxf7 Kxf7 31. Rd7+ Kg8 32. Rb7 e5 33. Kd3 Nb2+ 34. Kc2 Nc4 35. Kd3 Nb2+ 36. Ke2 Nc4 37. Bf2 g6 38. hxg6 Rxg6 39. g3 h5 40. Rd7 Rf6 41. Be3 Rg6 42. Bf2 Rf6 43. Be3 Rg6 44. Bf2 1/2-1/2

[Event "Bundesliga 2223"]
[Site "Germany"]
[Date "2023.03.19"]
[Round "11.6"]
[White "Seyb, Alexander"]
[Black "Martinovic, Sasa"]
[Result "0-1"]
[WhiteElo "2441"]
[BlackElo "2546"]
[PlyCount "64"]
[EventDate "2022.10.21"]
[EventType "team-tourn"]
[EventRounds "15"]
[EventCountry "GER"]
[SourceTitle "CBM 213 Extra"]
[Source "ChessBase"]
[SourceDate "2023.05.31"]
[SourceVersion "1"]
[SourceVersionDate "2023.05.31"]
[SourceQuality "1"]
[WhiteTeam "Berlin SF"]
[BlackTeam "Muenchen 36"]
[WhiteTeamCountry "GER"]
[BlackTeamCountry "GER"]

1. e4 e6 2. d4 d5 3. Nc3 Nf6 4. e5 Nfd7 5. f4 c5 6. Nf3 Nc6 7. Be3 Be7 8. Qd2 a6 9. dxc5 Nxc5 10. 0-0-0 Qa5 11. a3 b5 12. Nd4 Bd7 13. Kb1 b4 14. Nxc6 Bxc6 15. axb4 Qxb4 16. Qd4 Qb7 17. Be2 0-0 18. f5 Rab8 19. Bc1 exf5 20. Nxd5 Ne6 21. Nxe7+ Qxe7 22. Qd6 Qb7 23. Rhf1 Rfc8 24. Bf3 g6 25. Bxc6 Rxc6 26. Qd7 Rc7 27. Qd5 Qc8 28. g4 Rxc2 29. gxf5 Qc3 30. Qa2 Nd4 31. Rxd4 Qxd4 32. fxg6 Rcxb2+ 0-1

[Event "HUN-chT 2223"]
[Site "Hungary"]
[Date "2023.02.19"]
[Round "6.6"]
[White "Nguyen, Huynh Minh Huy"]
[Black "Martinovic, Sasa"]
[Result "1/2-1/2"]
[WhiteElo "2438"]
[BlackElo "2557"]
[PlyCount "60"]
[EventDate "2022.11.20"]
[EventType "team-tourn"]
[EventRounds "9"]
[EventCountry "HUN"]
[SourceTitle "CBM 213 Extra"]
[Source "ChessBase"]
[SourceDate "2023.05.31"]
[SourceVersion "1"]
[SourceVersionDate "2023.05.31"]
[SourceQuality "1"]
[WhiteTeam "Dunaharaszti"]
[BlackTeam "Aquaprofit"]
[WhiteTeamCountry "HUN"]
[BlackTeamCountry "HUN"]

1. d4 d5 2. c4 e6 3. Nc3 Nf6 4. Bg5 Be7 5. e3 Nbd7 6. Nf3 h6 7. Bh4 0-0 8. Rc1 a6 9. cxd5 exd5 10. Bd3 c6 11. Nd2 c5 12. dxc5 Nxc5 13. Nb3 Nxb3 14. axb3 Bg4 15. Be2 Bxe2 16. Kxe2 Rc8 17. Qd3 Qb6 18. Bxf6 Qxf6 19. Rhd1 Rfd8 20. Kf1 Qe6 21. Ne2 Qe5 22. Rxc8 Rxc8 23. Nc3 Qxh2 24. Qxd5 Qc7 25. Qe4 Bf8 26. Rd4 Qc6 27. Qg4 b5 28. Ke2 g6 29. Qd7 b4 30. Qxc6 Rxc6 1/2-1/2

[Event "CRO-ch"]
[Site "Split"]
[Date "2022.12.07"]
[Round "9"]
[White "Saric, Ante"]
[Black "Martinovic, Sasa"]
[Result "1/2-1/2"]
[WhiteElo "2504"]
[BlackElo "2557"]
[PlyCount "39"]
[EventDate "2022.11.29"]
[EventType "tourn"]
[EventRounds "11"]
[EventCountry "CRO"]
[EventCategory "12"]
[SourceTitle "CBM 211 Extra"]
[Source "ChessBase"]
[SourceDate "2023.01.31"]
[SourceVersion "1"]
[SourceVersionDate "2023.01.31"]
[SourceQuality "1"]

1. Nf3 d5 2. g3 g6 3. Bg2 Bg7 4. d4 Nf6 5. c4 dxc4 6. Na3 c3 7. bxc3 0-0 8. 0-0 c5 9. Nc4 Nc6 10. Nfe5 Be6 11. Nxc6 bxc6 12. Ne5 Nd5 13. Bd2 Rc8 14. c4 Bxe5 15. dxe5 Nb6 16. Be3 Qc7 17. Bxc5 Rfd8 18. Qc1 Na4 19. Qa3 Nxc5 20. Qxc5 1/2-1/2

[Event "CRO-ch"]
[Site "Split"]
[Date "2022.12.06"]
[Round "8"]
[White "Martinovic, Sasa"]
[Black "Saric, Ivan"]
[Result "1/2-1/2"]
[WhiteElo "2557"]
[BlackElo "2674"]
[PlyCount "48"]
[EventDate "2022.11.29"]
[EventType "tourn"]
[EventRounds "11"]
[EventCountry "CRO"]
[EventCategory "12"]
[SourceTitle "CBM 211 Extra"]
[Source "ChessBase"]
[SourceDate "2023.01.31"]
[SourceVersion "1"]
[SourceVersionDate "2023.01.31"]
[SourceQuality "1"]

1. d4 Nf6 2. c4 e6 3. Nf3 d5 4. Nc3 Nbd7 5. Qc2 a6 6. cxd5 exd5 7. Bf4 c6 8. h3 Be7 9. e3 Nf8 10. Bd3 Ne6 11. Bh2 0-0 12. 0-0 Bd6 13. Bxd6 Qxd6 14. Rab1 Re8 15. b4 g6 16. Rfc1 Ng7 17. a4 Bd7 18. Ne5 Be6 19. Ne2 Nd7 20. Nxd7 Bxd7 21. Qc5 Qb8 22. b5 Ne6 23. Qb4 axb5 24. axb5 Qa7 1/2-1/2

[Event "CRO-ch"]
[Site "Split"]
[Date "2022.12.05"]
[Round "7"]
[White "Doric, Darko"]
[Black "Martinovic, Sasa"]
[Result "1/2-1/2"]
[WhiteElo "2446"]
[BlackElo "2557"]
[PlyCount "30"]
[EventDate "2022.11.29"]
[EventType "tourn"]
[EventRounds "11"]
[EventCountry "CRO"]
[EventCategory "12"]
[SourceTitle "CBM 211 Extra"]
[Source "ChessBase"]
[SourceDate "2023.01.31"]
[SourceVersion "1"]
[SourceVersionDate "2023.01.31"]
[SourceQuality "1"]

1. d4 e6 2. c4 Nf6 3. Nf3 d5 4. e3 b6 5. Bd3 Bb7 6. 0-0 Nbd7 7. b3 Be7 8. Bb2 0-0 9. Nbd2 c5 10. cxd5 Nxd5 11. a3 Rc8 12. Rc1 h6 13. Qe2 cxd4 14. Nxd4 Nc5 15. Bc4 a6 1/2-1/2

[Event "BIH-chT 20th"]
[Site "Neum"]
[Date "2022.09.17"]
[Round "8.2"]
[White "Saric, Ante"]
[Black "Martinovic, Sasa"]
[Result "1/2-1/2"]
[WhiteElo "2510"]
[BlackElo "2546"]
[PlyCount "48"]
[EventDate "2022.09.10"]
[EventType "team-tourn"]
[EventRounds "9"]
[EventCountry "BIH"]
[SourceTitle "CBM 210 Extra"]
[Source "ChessBase"]
[SourceDate "2022.11.30"]
[SourceVersion "1"]
[SourceVersionDate "2022.11.30"]
[SourceQuality "1"]
[WhiteTeam "Pazaric Bjelasnica"]
[BlackTeam "Sarajevo Bosna"]
[WhiteTeamCountry "BIH"]
[BlackTeamCountry "BIH"]

1. d4 Nf6 2. c4 e6 3. g3 d5 4. Nf3 dxc4 5. Bg2 a6 6. 0-0 Nc6 7. e3 Bd7 8. Qe2 Bd6 9. Qxc4 0-0 10. b3 e5 11. Bb2 Be6 12. Qe2 exd4 13. Nxd4 Nxd4 14. Bxd4 c6 15. Nc3 Qe7 16. Rad1 Rad8 17. Bxf6 Qxf6 18. Ne4 Qe7 19. Nxd6 Rxd6 20. Rxd6 Qxd6 21. Rd1 Qe7 22. Qd2 Bg4 23. Qd6 Qxd6 24. Rxd6 f6 1/2-1/2